Ascendencia de famosos de Reino Unido (Parte 1) - Estadísticas

Estadísticas generales
  • Esta prueba ha sido intentada 29 veces
  • La puntuación promedio es 6 de 16
Estadísticas de respuestas
Imagen Hint Respuesta % Correcto
Dua Lipa (EUROPA) Kosovo / Albania
89%
Anya Taylor-Joy (AMÉRICA) Argentina
56%
Christian Bale (ÁFRICA) Sudáfrica
56%
Emma Watson (EUROPA) Francia
52%
Jack Grealish (EUROPA) Irlanda
52%
Zayn Malik (ASIA) Pakistán
44%
Bukayo Saka (ÁFRICA) Nigeria
41%
Ricky Gervais (AMÉRICA) Canadá
37%
J.R.R. Tolkien (EUROPA) Alemania
30%
Kaya Scodelario (AMÉRICA) Brasil
30%
Idris Elba (ÁFRICA) Sierra Leona / Uganda
30%
Jacob Collier (ASIA) China
26%
M.I.A. (ASIA) Sri Lanka
26%
Amy Winehouse (EUROPA) Bielorrusia
19%
Skandar Keynes (ASIA) Líbano
19%
Jadon Sancho (AMÉRICA) Trinidad y Tobago
19%
No se encontraron pruebas coincidentes
Distribución de puntuación
Porcentaje de gente con cada puntuación
Porcentaje por número respondido
Historial de tus puntuaciones
No has intentado esta prueba.